Innovación y gestión para un desarrollo sustentable= Innovation and management for sustainable development. XXI Congreso Interamericano de Ingeniería Química=Interamerican Congress of Chemical Engineering : V Congreso Argentino de Ingeniería Química= Argentinian Congress of Chemical Engineering Libro de resúmenes, 1 al 4 de Octubre, 2006 Buenos Aires, Argentina. /

Guardado en:
Autores Corporativos: Congreso Interamericano de Ingeniería Química Buenos Aires, Argentina), Congreso Argentino de Ingeniería Química
Formato: Libro
Idioma:Multiple
Spanish
English
Publicado: Buenos Aires : Asociación Argentina de Ingenieros Químicos (AAIQ) y Confederación Interamericana de Ingeniería Química (CIIQ)., 2006.
Materias:
Etiquetas: Agregar Etiqueta
Sin Etiquetas, Sea el primero en etiquetar este registro!
LEADER 01455nam a22002415a 4500
001 EIQ.libpla004388
008 070420s2006####ag#######b####100#0#mul#d
005 20130524160728.0
245 1 0 |a Innovación y gestión para un desarrollo sustentable= Innovation and management for sustainable development. XXI Congreso Interamericano de Ingeniería Química=Interamerican Congress of Chemical Engineering :  |b V Congreso Argentino de Ingeniería Química= Argentinian Congress of Chemical Engineering Libro de resúmenes, 1 al 4 de Octubre, 2006 Buenos Aires, Argentina. /  |c Asociación Argentina de Ingenieros Químicos (AAIQ), Confederación Interamericana de Ingeniería Química (CIIQ). 
260 |a Buenos Aires :  |b Asociación Argentina de Ingenieros Químicos (AAIQ) y Confederación Interamericana de Ingeniería Química (CIIQ).,  |c 2006. 
300 |a 603 p. ;  |c 28 cm. 
500 |a Artículos en español e inglés. 
500 |a Datos tomados de la cubierta. 
504 |a Incluye referencias bibliográficas. 
022 |a 18503500 
022 |a 18503527 
111 2 |a Congreso Interamericano de Ingeniería Química  |n (22º :  |d 2006 :  |c Buenos Aires, Argentina) 
711 2 |a Congreso Argentino de Ingeniería Química  |n (5º :  |d 2006 :  |c Buenos Aires) 
650 4 |a Ingeniería química  |x Congresos. 
650 4 |a Chemical engineering  |x Congresses. 
040 |a AR-BbSID  |b spa  |c AR-BbSID 
041 1 |a spa  |a eng 
859 |a AR-BbSID  |b BIB. PLAPIQUI  |h 660.284  |i C76  |p 6182